Okamžité skončenie pracovného pomeru

Okamžité skončenie pracovného pomeru zamestnancom. Prípady, keď môže okamžite ukončiť pracovný pomer zamestnávateľ so zamestnancom. Skončenie pracovného pomeru v skúšobnej dobe.

Salvato in:
Dettagli Bibliografici
Autore principale: Vršanská, Petra
Natura: Capitolo di libro
Lingua:slovacco
Soggetti:
Tags: Aggiungi Tag
Nessun Tag, puoi essere il primo ad aggiungerne!!

MARC

LEADER 00000naa a2200000 4500
001 0231177
005 20170602092750.9
041 0 |a slo 
044 |a SK 
245 1 0 |a Okamžité skončenie pracovného pomeru  |c Petra Vršanská 
520 |a Okamžité skončenie pracovného pomeru zamestnancom. Prípady, keď môže okamžite ukončiť pracovný pomer zamestnávateľ so zamestnancom. Skončenie pracovného pomeru v skúšobnej dobe. 
610 2 0 |a skončenie pomeru pracovného 
610 2 0 |a zamestnávatelia 
610 2 0 |a zamestnanci 
610 2 0 |a disciplína pracovná 
610 2 0 |a právo pracovné 
100 1 |a Vršanská, Petra